| 000 | 00818nas a2200301 4500 | ||
|---|---|---|---|
| 001 | BR2011001025 | ||
| 003 | BR-BrBNA | ||
| 005 | 20231205114443.0 | ||
| 007 | ta | ||
| 008 | 230509b bl.|||p| |||| 00| 00por d | ||
| 040 |
_aBR-BrBNA _bpor _cBiblioteca Nacional de Agricultura |
||
| 041 | _a(Pt) | ||
| 072 | _aL73 | ||
| 100 | 1 | _aBarry, A.F. | |
| 100 | 1 | _aAlfieri, A. F. | |
| 100 | 1 | _aAlfieri, A.A. | |
| 245 | 1 | _aCalicivírus animal | |
| 650 | _aSUÍNO | ||
| 650 | _aVÍRUS | ||
| 650 | _aVARIAÇÃO GENÉTICA | ||
| 650 | _aGENÓTIPO | ||
| 650 | _aGASTRENTERITE | ||
| 650 | _aINFECÇÃO | ||
| 650 | _aDIARRÉIA | ||
| 773 | 0 |
_tSemina. Ciências Agrárias (Brazil) _xISSN 1676-546X _g(Oct- Dec 2008), v. 29(4) p. 933-946 _wBR2011001025 |
|
| 909 |
_a202311 _bLúcia _c55 _dLúcia Elande |
||
| 942 |
_2AGRIS _n0 _cANA |
||
| 999 |
_c208840 _d208840 |
||